000 00349pab a2200145 454500
008 180718b2004 xxu||||| |||| 00| 0 eng d
100 _aPatnaik, Ush
245 _aPrincipal task on the agrarian front
260 _c2004
300 _ap.36-41.
362 _aJul-Aug
650 _aAgrarian structure
773 _aSocial Scientist
909 _a62402
999 _c62402
_d62402